Statistics for Countries that use Roman alphabet

Click here to take the quiz!

General Stats

  • This quiz has been taken 29 times
  • The average score is 130 of 150

Answer Stats

Countries% Correct
Norway
100%
Sweden
100%
United States
100%
Finland
96%
France
96%
Poland
96%
United Kingdom
96%
Albania
92%
Andorra
92%
Argentina
92%
Australia
92%
Austria
92%
Belgium
92%
Bolivia
92%
Brazil
92%
Canada
92%
Chile
92%
Colombia
92%
Cuba
92%
Czech Republic
92%
Dominica
92%
Dominican Republic
92%
Equatorial Guinea
92%
Estonia
92%
Gabon
92%
Guyana
92%
Haiti
92%
Iceland
92%
Italy
92%
Kenya
92%
Kosovo
92%
Latvia
92%
Liechtenstein
92%
Lithuania
92%
Monaco
92%
Montenegro
92%
Netherlands
92%
New Zealand
92%
Panama
92%
San Marino
92%
Slovakia
92%
Slovenia
92%
Spain
92%
Switzerland
92%
Tuvalu
92%
Vanuatu
92%
Vatican City
92%
Venezuela
92%
Zambia
92%
Angola
88%
Bahamas
88%
Bosnia and Herzegovina
88%
Brunei
88%
Chad
88%
Croatia
88%
Denmark
88%
DR Congo
88%
East Timor
88%
Ecuador
88%
El Salvador
88%
Eritrea
88%
Federated States of Micronesia
88%
Fiji
88%
Germany
88%
Ghana
88%
Guatemala
88%
Guinea
88%
India
88%
Indonesia
88%
Ireland
88%
Jamaica
88%
Kiribati
88%
Luxembourg
88%
Malaysia
88%
Mauritania
88%
Mexico
88%
Namibia
88%
Nicaragua
88%
Niger
88%
Nigeria
88%
Papua New Guinea
88%
Paraguay
88%
Peru
88%
Republic of the Congo
88%
Saint Kitts and Nevis
88%
Saint Vincent and the Grenadines
88%
Samoa
88%
Solomon Islands
88%
Suriname
88%
Swaziland
88%
Uganda
88%
Uruguay
88%
Zimbabwe
88%
Barbados
83%
Benin
83%
Cape Verde
83%
Central African Republic
83%
Costa Rica
83%
Côte d’Ivoire
83%
Cyprus
83%
Guinea-Bissau
83%
Honduras
83%
Hungary
83%
Lesotho
83%
Liberia
83%
Mali
83%
Marshall Islands
83%
Philippines
83%
Portugal
83%
Saint Lucia
83%
Senegal
83%
Serbia
83%
Seychelles
83%
Somalia
83%
South Africa
83%
South Sudan
83%
Sudan
83%
Tanzania
83%
Tonga
83%
Trinidad and Tobago
83%
Turkey
83%
Antigua and Barbuda
79%
Belize
79%
Botswana
79%
Burkina Faso
79%
Burundi
79%
Comoros
79%
Gambia
79%
Malta
79%
Mauritius
79%
Moldova
79%
Nauru
79%
Romania
79%
Rwanda
79%
Sao Tome and Principe
79%
Singapore
79%
Togo
79%
Vietnam
79%
Cameroon
75%
Djibouti
75%
Grenada
75%
Madagascar
75%
Malawi
75%
Mozambique
75%
Pakistan
75%
Palau
75%
Sierra Leone
75%
Uzbekistan
75%
Azerbaijan
71%
Turkmenistan
71%

Score Distribution

Percentile by Number Answered

Percent of People with Each Score

Your Score History

You have not taken this quiz